000 00487nam a2200169Ia 4500
003 GCL
008 140319s9999 xx 000 0 ara d
040 _aGCL /
_cGCL
082 0 4 _aد
_b050
100 1 _aمحمد كامل حتة
245 1 0 _aالشاعر الشهيد :هاشم الرفاعى(اقرا 223) /
_cمحمد كامل حتة
300 _a111 ص
490 _aاقرأ
_v0
650 0 4 _aالشعراء - تراجم
650 0 4 _aهاشم الرفاعى
942 _2ddc
_cBK
999 _c48662
_d48662